Structural dependencies and choke points in GVCs: An industry-level analysis (Record no. 9154)
[ view plain ]
| 000 -LEADER | |
|---|---|
| fixed length control field | 02709nam a22003137u 4500 |
| 001 - CONTROL NUMBER | |
| control field | pwiiw7524 |
| 003 - CONTROL NUMBER IDENTIFIER | |
| control field | OSt |
| 005 - DATE AND TIME OF LATEST TRANSACTION | |
| control field | 20260517120133.0 |
| 008 - FIXED-LENGTH DATA ELEMENTS--GENERAL INFORMATION | |
| fixed length control field | 260217t2026 au ||||| |||| 00| ||eng d |
| 040 ## - CATALOGING SOURCE | |
| Transcribing agency | OSt |
| 041 ## - LANGUAGE CODE | |
| Language code of text/sound track or separate title | eng |
| 084 ## - OTHER CLASSIFICATION NUMBER | |
| Classification number | C67 |
| -- | F14 |
| -- | F15 |
| Number source | jelc |
| 100 1# - MAIN ENTRY--PERSONAL NAME | |
| Personal name | Stehrer, Robert |
| 9 (RLIN) | 5 |
| 245 10 - TITLE STATEMENT | |
| Title | Structural dependencies and choke points in GVCs: An industry-level analysis |
| 260 ## - PUBLICATION, DISTRIBUTION, ETC. | |
| Place of publication, distribution, etc. | Wien : |
| Name of publisher, distributor, etc. | Wiener Institut für Internationale Wirtschaftsvergleiche (wiiw), |
| Date of publication, distribution, etc. | 2026. |
| 300 ## - PHYSICAL DESCRIPTION | |
| Extent | 42 S., |
| Other physical details | 3 Tables and 26 Figures, |
| Dimensions | 30cm. |
| 490 1# - SERIES STATEMENT | |
| Series statement | wiiw Research Reports |
| Volume/sequential designation | 480 |
| 520 ## - SUMMARY, ETC. | |
| Summary, etc. | Global value chains (GVCs) are intricate international networks in which the production and distribution of goods and services across multiple economies and industries is coordinated. Their complexity introduces strategic dependencies when economies or industries rely heavily on a limited number of foreign suppliers. Such dependencies can also create additional vulnerabilities, particularly at choke points (i.e. key links or nodes in the chain) whose disruption – whether due to political instability and geopolitical tensions, natural disasters, pandemics or policy shocks and trade restrictions – can halt production. This study builds on previous research by examining two factors: (i) size dependencies arising when an importing economy-industry pair relies largely on the inputs of a partner economies, and (ii) choke dependencies, where imports from one economy pass through another, creating potential choke points. Choke dependency is particularly concerning, as disruptions in the choke economy can impact not only its direct exports but also the flow of goods from other suppliers. Using the multi-country input-output tables (MC IOTs), this study introduces two indicators to assess dependencies: (i) ‘size dependency’, based on the share of an economy-industry’s foreign output sourced from a specific partner, and (2) ‘choke dependency’, based on the pass-through frequency (ptf) indicator, which reveals how often inputs from third economies are routed through a particular partner. An economy-industry pair is considered dependent if it meets thresholds for size dependency, choke dependency or both. This comprehensive approach aims to offer a deeper understanding of systemic vulnerabilities in global trade networks.<br/> |
| 650 ## - SUBJECT ADDED ENTRY--TOPICAL TERM | |
| Topical term or geographic name entry element | Global value chains |
| 650 ## - SUBJECT ADDED ENTRY--TOPICAL TERM | |
| Topical term or geographic name entry element | choke points |
| 650 ## - SUBJECT ADDED ENTRY--TOPICAL TERM | |
| Topical term or geographic name entry element | dependencies |
| 650 ## - SUBJECT ADDED ENTRY--TOPICAL TERM | |
| Topical term or geographic name entry element | vulnerabilities |
| 650 ## - SUBJECT ADDED ENTRY--TOPICAL TERM | |
| Topical term or geographic name entry element | GVC metrics |
| 651 ## - SUBJECT ADDED ENTRY--GEOGRAPHIC NAME | |
| Geographic name | non specific |
| 690 ## - LOCAL SUBJECT ADDED ENTRY--TOPICAL TERM (OCLC, RLIN) | |
| Topical term or geographic name as entry element | International Trade, Competitiveness and FDI |
| 830 #0 - SERIES ADDED ENTRY--UNIFORM TITLE | |
| Volume/sequential designation | 480 |
| Bibliographic record control number | WIIW0000048 |
| Title of a work | wiiw Research Reports |
| 856 40 - ELECTRONIC LOCATION AND ACCESS | |
| Uniform Resource Identifier | <a href="https://wiiw.ac.at/p-7524.html">https://wiiw.ac.at/p-7524.html</a> |
| 942 ## - ADDED ENTRY ELEMENTS (KOHA) | |
| Koha item type | Paper |
| Withdrawn status | Lost status | Damaged status | Not for loan | Home library | Current library | Shelving location | Date acquired | Inventory number | Total Checkouts | Full call number | Barcode | Date last seen | Price effective from | Koha item type |
|---|---|---|---|---|---|---|---|---|---|---|---|---|---|---|
| WIIW | WIIW | Library | 02/17/2026 | pwiiw7524 | 5.600/480 | 1000010007524 | 02/17/2026 | 02/17/2026 | Paper |
